Click the Correct Capital Cities - Statistics

General Stats
  • This quiz has been taken 165 times
  • The average score is 9 of 14
Answers on the Grid
Answers color-coded by a green-red scale on the quiz's grid according to % correct below.
Melbourne
Mumbai
Sarajevo
Antananarivo
Lagos
Abuja
Lusaka
Podgorica
Antwerp
Karachi
Kuala Lumpur
Shanghai
Alexandria
Sao Paolo
Quito
New York
Bogota
San Salvador
San Jose
Valencia
Manchester
Dublin
Istanbul
Mecca
Tehran
Ashgabat
Santiago
Vancouver
Johannesburg
Auckland
 
Answer Stats
Answer % Correct
Dublin
75%
Kuala Lumpur
73%
Tehran
71%
Bogota
69%
Sarajevo
69%
San Salvador
67%
Santiago
66%
Quito
64%
Antananarivo
59%
Ashgabat
55%
Podgorica
55%
Lusaka
54%
San Jose
53%
Abuja
52%
No matching quizzes found
Score Distribution
Percent of People with Each Score
Percentile by Number Answered
Your Score History
You have not taken this quiz